Tryby gier w Minecraft - Statystyki

Ogólne statystyki
  • Ten quiz został rozwiązany 35 razy
  • Średni wynik to 3 z 20
Statystyki odpowiedzi
Odpowiedź % Poprawnych
Survival
77%
Bed Wars
58%
Skyblock
39%
Sky Wars
39%
Oneblock
26%
Build Battle
16%
Hide and Seek
16%
Parkour
16%
LifeSteal
13%
Duels
10%
EarthSMP
6%
Spleef
3%
Survival Games
3%
TNT Run
3%
Anarchia Practice
0%
Death Run
0%
Gravity
0%
TNT Tag
0%
TowerPVP
0%
Walls
0%
Nie znaleziono quizów pasujących do podanych kryteriów
Rozkład punktacji
Procent ludzi z każdym wynikiem
Percentyl według liczby udzielonych odpowiedzi
Twoja historia wyników
Nie rozwiązałeś tego quizu